00390nam a2200145Ia 4500008004100000020001500041041000800056082001700064100002000081245005200101250000600153260005300159300001100212650002100223210716s2005 xx 000 0 und d a8120327756 aeng a006.671 JAND aJana, Debasish. aJava and object- oriented programming paradigm. a1 aNew DelhibPrentice Hall of India PVt Ltd.c2005 axx,636 aJava Programming